000 00367nam a2200157Ia 4500
003 Ost
005 20260225132542.0
008 260225s9999||||xx |||||||||||||| ||und||
040 _cfsic
041 _afre
082 _a305.9
100 _aPatrick Olivier
_eAuteur
245 0 _aDe systeme Monètaire international /
245 0 _cPatrick Olivier
942 _cكتاب
999 _c33571
_d33571